Statystyki dla Państwa z największym wzrostem populacji w 2015

Kliknij tutaj aby rozwiązać quiz!

Ogólne statystyki

  • Ten quiz został rozwiązany 22 razy
  • Średni wynik to 16 z 30

Statystyki odpowiedzi

Lp.PaństwoWzrost% Poprawnych
3.Niger4.03%
95%
26.Nigeria2.63%
95%
17.Mali2.96%
70%
24.Mozambik2.76%
70%
16.Senegal3.07%
70%
13.Tanzania3.13%
70%
8.Uganda3.25%
70%
12.Demokratyczna Republika Konga3.14%
65%
29.Kenia2.61%
65%
7.Czad3.26%
60%
25.Gwinea2.68%
60%
23.Madagaskar2.78%
60%
9.Angola3.23%
55%
20.Burkina Faso2.89%
55%
10.Irak3.21%
55%
15.Malawi3.07%
55%
5.Sudan Południowy3.54%
55%
14.Zambia3.07%
55%
6.Burundi3.29%
50%
11.Gambia3.20%
50%
30.Somalia2.53%
50%
28.Benin2.62%
45%
27.Togo2.63%
45%
22.Afganistan2.80%
40%
19.Gwinea Równikowa2.90%
35%
4.Kuwejt3.64%
35%
21.Katar2.87%
30%
2.Liban4.16%
30%
1.Oman5.83%
30%
18.Palestyna2.92%
5%

Rozkład punktacji

Percentyl według liczby udzielonych odpowiedzi

Procent ludzi z każdym wynikiem

Twoja historia wyników

Nie rozwiązałeś tego quizu